| 000 | 00699nam a22002057a 4500 | ||
|---|---|---|---|
| 005 | 20210427080558.0 | ||
| 008 | 210222s2004 ||||| |||| 00| 0 eng d | ||
| 020 | _a3952294306 | ||
| 020 | _a0967845122 | ||
| 040 |
_aeng _cDLC |
||
| 041 | _aeng | ||
| 080 |
_a008 _bB-55 |
||
| 110 |
_91044 _aFoundation for International Arts and Education Bethesda, Maryland |
||
| 245 |
_aBeyond the Golden Fleece _b: A Cultural History of The Jews of Georgia _c/ by: Foundation for International Arts and Education |
||
| 260 |
_aBethesda, Maryland _bFoundation for International Arts and Education _c2004 |
||
| 300 |
_a60 p. _bill. |
||
| 650 | 0 |
_9493 _aCulture |
|
| 653 | _aკულტურა | ||
| 942 |
_2udc _cBK |
||
| 999 |
_c1620 _d1620 |
||